[Event "Bethune-E"]
[Site "Bethune"]
[Date "2002.07.11"]
[Round "6.25"]
[White "Dufrenoy, Henri"]
[Black "Dufrenoy, Nicolas"]
[Result "1-0"]
[WhiteElo "1499"]
[BlackElo "1099"]
[PlyCount "53"]
[EventDate "2002.07.06"]
[EventType "tourn"]
[EventRounds "9"]
[EventCountry "FRA"]
[SourceTitle "EXT 2005"]
[Source "ChessBase"]
[SourceDate "2004.11.15"]
[SourceVersion "1"]
[SourceVersionDate "2004.11.15"]
[SourceQuality "1"]

1. e4 e5 2. Nf3 Nc6 3. Bb5 a6 4. Bc4 Nf6 5. Nc3 Bb4 6. b3 Bxc3 7. dxc3 Nxe4 8. Qd3 Nd6 9. Nxe5 Nxe5 10. Qd4 Qe7 11. Bb2 Nexc4+ 12. Kf1 Nxb2 13. Re1 Nf5 14. Rxe7+ Kxe7 15. Qe5+ Kd8 16. Qxf5 d6 17. Qxf7 g6 18. f3 a5 19. Kf2 a4 20. Qf6+ Ke8 21. Qxh8+ Kf7 22. Qxh7+ Kf6 23. Qh8+ Kf5 24. a3 axb3 25. Qf8+ Kg5 26. h4+ Kh5 27. Qh8# 1-0